Niederländische Gemälde Kunstgewerbe Des 16. - 18. Jahrhunderts (Record no. 6091)

MARC details
000 -CABECERA
campo de control de longitud fija 00799nam a2200241 a 4500
001 - NÚMERO DE CONTROL
campo de control BRCA_6406
005 - FECHA Y HORA DE LA ÚLTIMA TRANSACCIÓN
campo de control 20190321142931.0
008 - DATOS DE LONGITUD FIJA--INFORMACIÓN GENERAL
campo de control de longitud fija 080911s1932----gw-a######---#000-0#ger-#
041 ## - CÓDIGO DE LENGUA
Código de lengua del texto/banda sonora o título independiente ger
044 ## - CÓDIGO DEL PAÍS DE LA ENTIDAD EDITORA/PRODUCTORA
Código MARC del país gw
050 #4 - SIGNATURA TOPOGRÁFICA DE LA BIBLIOTECA DEL CONGRESO
Número de documento/Ítem .N54 1 1932
245 10 - MENCIÓN DE TÍTULO
Título Niederländische Gemälde Kunstgewerbe Des 16. - 18. Jahrhunderts
Resto del título Aus Verschiedenem Besitz, Katalog Nr. XVIII.
260 ## - PUBLICACIÓN, DISTRIBUCIÓN, ETC.
Lugar de publicación, distribución, etc. Alemania
Nombre del editor, distribuidor, etc. Hermann Ball und Paul Graupe
Fecha de publicación, distribución, etc. 1932
300 ## - DESCRIPCIÓN FÍSICA
Extensión 63 p.
Otras características físicas il., 28 láminas
Dimensiones 32 cm.
500 ## - NOTA GENERAL
Nota general Catálogo de subasta inventariado por Banco de México como libro.
500 ## - NOTA GENERAL
Nota general Ver también CDE29, CDE30 y CDE31
500 ## - NOTA GENERAL
Nota general CDE28
650 14 - PUNTO DE ACCESO ADICIONAL DE MATERIA--TÉRMINO DE MATERIA
Término de materia o nombre geográfico como elemento de entrada Arte
Subdivisión de forma Catálogos
Subdivisión cronológica Siglo XVI-XVII
9 (RLIN) 16020
650 14 - PUNTO DE ACCESO ADICIONAL DE MATERIA--TÉRMINO DE MATERIA
Término de materia o nombre geográfico como elemento de entrada Pintura holandesa
Subdivisión de forma Catálogos
9 (RLIN) 16021
650 14 - PUNTO DE ACCESO ADICIONAL DE MATERIA--TÉRMINO DE MATERIA
Término de materia o nombre geográfico como elemento de entrada Subastas
9 (RLIN) 7837
902 ## - CATALOGADOR
Iniciales GFM
942 ## - ELEMENTOS DE PUNTO DE ACCESO ADICIONAL (KOHA)
Fuente del sistema de clasificación o colocación Library of Congress Classification
Tipo de ítem Koha Libros
Holdings
Estado de retiro Estado de pérdida Estado dañado No para préstamo Localización permanente Ubicación/localización actual Fecha de adquisición Número de inventario Total de préstamos Signatura topográfica completa Código de barras Fecha visto por última vez Precio válido a partir de Tipo de ítem Koha
El ejemplar forma parte de la colección y puede ser consultado según las políticas vigentes.       Biblioteca del Museo Franz Mayer (Rogerio Casas-Alatriste) Biblioteca del Museo Franz Mayer (Rogerio Casas-Alatriste) 08/09/2011 CDE28   .N54 1 1932 (CDE28) 6853 22/03/2019 22/03/2019 Libros